| 000 | 01008nam a2200289 a 4500 | ||
|---|---|---|---|
| 001 | 000003285 | ||
| 005 | 20251124091422.0 | ||
| 008 | 090707s2003 dr r 000 0 spa d | ||
| 020 | _a9993491977 | ||
| 020 | _a9789993491972 | ||
| 040 |
_aDO-SdBNP _bspa _cBNPHU |
||
| 082 |
_a340.1 _bD663c |
||
| 100 | 1 |
_aD'Oleo, Frank _910319 |
|
| 245 | 1 | 3 |
_aLa ciencia jurídica : _bhistoria y filosofía : introducción a su estudio / _cFrank D'oleo ; prólogo Mariano A. Rodríguez Rijo. |
| 260 |
_aSanto Domingo : _bLetra Gráfica, _c2003. |
||
| 300 |
_a227 p. ; _c21 cm. |
||
| 500 | _aIncluye índice | ||
| 504 | _aIncluye referencias bibliográficas al pìe de las páginas. | ||
| 504 | _aBibliografía : p. 225-227 | ||
| 590 | _aInventariado, 2018/BT | ||
| 650 | 4 |
_aFilosofía del derecho _bHISTORIA _910340 |
|
| 650 | 0 |
_aDerecho y ética _99512 |
|
| 650 | 0 |
_aÉtica legal _96420 |
|
| 650 | 0 |
_aSociología _91061 |
|
| 700 | 1 | 2 |
_aRodríguez Rijo, Mariano A., _epról. _910341 |
| 910 | _aJornada de catalogación | ||
| 999 |
_c3116 _d3116 |
||